| 000 | 00658nam a22002297a 4500 | ||
|---|---|---|---|
| 999 |
_c3420 _d3420 |
||
| 003 | OSt | ||
| 005 | 20240105120005.0 | ||
| 008 | 240105b ||||| |||| 00| 0 eng d | ||
| 020 | _a9780933146426 | ||
| 040 | _cKH8 | ||
| 082 | _a495.6 BIL | ||
| 110 | _aBilingual Dictionary | ||
| 245 | _aEnglish - Japanese, Japanese - English | ||
| 260 |
_aUnited States ; _bBilingual Dictionaries, _c2011. |
||
| 300 |
_a343 pages : _c12.7 cm x 17.7 cm. |
||
| 650 | _aJapanese language | ||
| 650 |
_aEnglish - Japanese _vDictionary |
||
| 650 | _aReference book | ||
| 700 |
_aHasegawa, Chiaki, _etranslator. |
||
| 700 |
_aSesma, Candido, _ecompiler. |
||
| 942 |
_2ddc _cTR |
||